Investment opportunities in Namibia 1996.
| Format: | Book |
|---|---|
| Published: |
[s.l]:
Ministry of Trade & Industries,
1996.
|
| Subjects: |
| LEADER | 00462cam a2200157 7i4500 | ||
|---|---|---|---|
| 001 | 0000006282 | ||
| 005 | 19991025090000.0 | ||
| 002 | ##000007958 | ||
| 020 | 0 | 0 | |a T000006115 |
| 090 | 0 | 0 | |a NAMB 332.6 |b INV |
| 245 | 0 | 0 | |a Investment opportunities in Namibia 1996. |
| 260 | 0 | 0 | |a [s.l]: |b Ministry of Trade & Industries, |c 1996. |
| 300 | 0 | 0 | |a 78p.. |
| 650 | 0 | 0 | |a Investment opportunities -- |z Namibia |
| 651 | 0 | 0 | |a Namibia |
| 999 | |a 0000009028 |b Book |c Open shelf |e Business Information Centre | ||